|
|
|
|
| LEADER |
00000nam2a2200000 4500 |
| 001 |
140636 |
| 005 |
20231031142119.0 |
| 010 |
|
|
|a 0387279741
|
| 035 |
|
|
|a (RuTPU)RU\TPU\book\152358
|
| 035 |
|
|
|a RU\TPU\book\152357
|
| 090 |
|
|
|a 140636
|
| 100 |
|
|
|a 20080703d2007 k y0engy50 ba
|
| 101 |
0 |
|
|a eng
|
| 102 |
|
|
|a US
|
| 105 |
|
|
|a a z 001zy
|
| 200 |
0 |
|
|a Vol. 2. Physics Design - Reliability and Packaging
|
| 210 |
|
|
|d 2007
|
| 215 |
|
|
|a 735 p.
|c il.
|
| 320 |
|
|
|a Библиография в конце глав.
|
| 320 |
|
|
|a Index: p. 711-735.
|
| 461 |
|
1 |
|0 (RuTPU)RU\TPU\book\152604
|t Micro- and Opto-Electronic Materials and Structures: Physics, Mechanics, Design, Reliability, Packaging
|f edited by E. Suhir, Y. C. Lee, C. P. Wong
|v Vol. 2. Physics Design - Reliability and Packaging
|d 2007-
|
| 610 |
1 |
|
|a электроника
|
| 610 |
1 |
|
|a фотоэлектроника
|
| 610 |
1 |
|
|a оптоэлектроника
|
| 610 |
1 |
|
|a оптоэлектронные материалы
|
| 610 |
1 |
|
|a микроэлектронные материалы
|
| 610 |
1 |
|
|a микроэлектронные структуры
|
| 610 |
1 |
|
|a теория
|
| 610 |
1 |
|
|a физические свойства
|
| 610 |
1 |
|
|a механические свойства
|
| 610 |
1 |
|
|a конструкционные свойства
|
| 610 |
1 |
|
|a английский язык
|
| 675 |
|
|
|a 621.383.002.3
|v 3
|
| 801 |
|
1 |
|a RU
|b 63413507
|c 20080703
|g PSBO
|
| 801 |
|
2 |
|a RU
|b 63413507
|c 20080710
|g PSBO
|
| 942 |
|
|
|c BK
|